Football (Soccer) World Team of the Century - Statistics

General Stats
  • This quiz has been taken 146 times
  • The average score is 7 of 11
Answer Stats
Hint Answer % Correct
Forward- Brazil Pele
91%
Forward- Argentina Diego Maradona
90%
Defender- West Germany Franz Beckenbauer
79%
Goalkeeper- U.S.S.R Lev Yashin
74%
Midfielder- Netherlands Johan Cruyff
73%
Midfielder- France Michel Platini
67%
Midfielder- Argentina/Spain Alfredo Di Stefano
61%
Defender- England Bobby Moore
52%
Forward- Brazil Garrincha
43%
Defender- Brazil Carlos Alberto Torres
26%
Defender- Brazil Nilton Santos
17%
No matching quizzes found
Score Distribution
Percent of People with Each Score
Percentile by Number Answered
Your Score History
You have not taken this quiz